| 000 | 00393nam a2200157Ia 4500 | ||
|---|---|---|---|
| 008 | 230917s9999||||xx |||||||||||||| ||und|| | ||
| 040 |
_e60955 _aMAIN |
||
| 041 | _aEnglish | ||
| 082 | _a361.6 W582A | ||
| 100 | _aWhite, R Clyde | ||
| 245 | 0 | _aAdministration of public welfare | |
| 250 | _a2nd ed. | ||
| 260 |
_aNew Delhi _bEurasia Publishin House _c1965 |
||
| 300 | _a546 p. | ||
| 942 | _cBK | ||
| 999 |
_c231186 _d231186 |
||